000 00604nam a2200229Ia 4500
005 20260429112117.0
008 260429s9999||||xx |||||||||||||| ||und||
020 _a9781032061368
041 _aEnglish
082 _a302.23
_bBOY
100 _aBoyle, Karen
245 0 _aRoutledge companion to gender, media and violence /
_cKaren Boyle
250 _a1st ed.
260 _aLondon :
_bRoutledge,
_c2024.
300 _axxvii, 627 p.; hb
440 _aRoutledge companions to gender
650 _a Media
650 _a Violence
650 _aGender
700 _a Berridge, Susan
942 _cTB
999 _c52406
_d52406